Переписка по ходатайствам частных лиц и учреждений о производстве в их имениях изысканий с оросительной целью

Доступно только в Электронных читальных залах Найти на картеНа карте
RUSMARC
00003693nmc2a22002413x 450
0016e2fd6ca-be3b-4248-b4a0-11ff2c8a8a88
00520210423044729.0
100##$a20201215l18991902k l0rusy0189 ca
1010#$arus
102##$aRU
105##$ay###
1222#$ad
2001#$aПереписка по ходатайствам частных лиц и учреждений о производстве в их имениях изысканий с оросительной целью
$j11 января 1899 г. - 25 февраля 1902 г.
215##$a118 л.
$d36,5х26 см
251##$cДело
300##$aДело
371##$aДокумент не является опубликованным и широко распространяемым
461#0$1001f84b5098-93bb-44b7-8a66-4b3b23ff1cd5
$12001
$aДоклады, предположения и переписка об исследовании в 1901 году торфяных болот и по разным вопросам торфяного дела
$1251
$cДело
$1852
$j341
462#0$10011ad45bc4-c305-4a1e-a4f9-e0213db6ead5
$12001
$aОпись № 1
$1251
$cОпись
$1852
$j1
801#0$aRU
$bРГИА
$c20201215
$gRCR
801#1$aRU
$bГлавНИВЦ
$c20201215
$2rusmarc
801#2$aRU
$bПБ им. Б.Н. Ельцина
$c20210423
$gRCR
$2rusmarc
850##$aРГИА
852##$aРГИА
$eФедеральное казенное учреждение "Российский государственный исторический архив" (РГИА)
$j184
937##$hРГИА
$d12355293
$aASBIBLIO_SCAN
035##$aRusGRCC00018558
856##$uhttp://readingroom.main.prlib.ru/item.aspx?id_node=n163214433&mode=full
Формат отображения